La calidad como factor de desarrollo / (Record no. 150387)

MARC details
000 -LEADER
campo de control de longitud fija 01004nam a2200217 i 4500
001 - NÚMERO DE CONTROL
campo de control 150387
003 - IDENTIFICADOR DE NÚMERO DE CONTROL
campo de control ES-MaACL
007 - CAMPO FIJO DE DESCRIPCIÓN FÍSICA--INFORMACIÓN GENERAL
campo de control de longitud fija t|
008 - DATOS DE LONGITUD FIJA--INFORMACIÓN GENERAL
campo de control de longitud fija 071030s1970 sp ||||1| spa d
110 2# - ENTRADA PRINCIPAL--NOMBRE DE ENTIDAD CORPORATIVA
Nombre de entidad corporativa o nombre de jurisdicción como elemento de entrada Asociación Española para el Control de la Calidad.
9 (RLIN) 1685
245 13 - MENCIÓN DEL TÍTULO
Título La calidad como factor de desarrollo /
Mención de responsabilidad, etc. estudio realizado por la Asociación Española para el Control de la Calidad y el Servicio de Productividad Industrial ; dirigido por José Luis Valero Sánchez-Pastor.
260 ## - PUBLICACIÓN, DISTRIBUCIÓN, ETC.
Lugar de publicación, distribución, etc. Madrid :
Nombre del editor, distribuidor, etc. [Publicaciones de la Escuela Nacional de Administración Pública],
Fecha de publicación, distribución, etc. 1970.
300 ## - DESCRIPCIÓN FÍSICA
Extensión 162 p. :
Otras características físicas tabl., grab. ;
Dimensiones 22 cm.
490 1# - MENCIÓN DE SERIE
Mención de serie Estudios del Instituto de Desarrollo Económico ;
Designación de volumen o secuencia 11
650 14 - PUNTO DE ACCESO ADICIONAL DE MATERIA--TÉRMINO DE MATERIA
Término de materia o nombre geográfico como elemento de entrada Calidad.
9 (RLIN) 10681
700 1# - ENTRADA AGREGADA--NOMBRE PERSONAL
Nombre de persona Valero Sánchez-Pastor, José Luis.
9 (RLIN) 112680
710 2# - ENTRADA AGREGADA--NOMBRE DE ENTIDAD CORPORATIVA
Nombre de entidad corporativa o nombre de jurisdicción como elemento de entrada Servicio de Productividad Industrial (Madrid)
9 (RLIN) 6581
830 0# - PUNTO DE ACCESO ADICIONAL DE SERIE-TÍTULO UNIFORME
Título uniforme Estudios del Instituto de Desarrollo Económico ;
Designación de volumen o secuencia 11
9 (RLIN) 230547
852 ## - LOCALIZACIÓN
Ubicación ES-MaACL
Número de control de estantería E-7727
Sublocalización o colección R.91712
Holdings
Estatus retirado Estado de pérdida Estado de daño No para préstamo Biblioteca de origen Biblioteca actual Ubicación en estantería Fecha de adquisición Fuente de adquisición Total de préstamos Signatura topográfica completa Código de barras Visto por última vez Precio de reemplazo Tipo de ítem Koha
        Biblioteca del Ateneo de Madrid Biblioteca del Ateneo de Madrid Depósito 2 17/01/2008     E-7727 1156927 23/02/2023 23/02/2023 Libro impreso